ბათუმის შოთა რუსთაველის სახელმწიფო უნივერსიტეტის ბიბლიოთეკა

საბჭოთა საქართველო = Советская Грузия = Soviet Georgia = La Georgie Sovietique : (ბიბ.ჩანაწერი № 63787)

000 -ლიდერი
ფიქსირებული სიგრძის საკონტროლო ველი 01198nam a2200205 4500
003 - საკონტროლო ნომრის იდენტიფიკატორი
საკონტროლო ველი Ge_BSU
005 - ბოლო ოპერაციის თარიღი და დრო
საკონტროლო ველი 20260113204012.0
008 - ფიქსირებული სიგრძის მონაცემთა ელემენტები - ზოგადი ინფორმაცია
ფიქსირებული სიგრძის საკონტროლო ველი 260113s1971 ge ||||| |||| 00| 0 geo d
041 ## - ენის კოდი
Language code of text/sound track or separate title geo
080 ## - უნივერსალური ათობითი კლასიფიკაციის ინდექსი
Universal Decimal Classification number 908(479.22)(084.12) ს-13
245 ## - ცნობა სათაურის შესახებ
Title საბჭოთა საქართველო = Советская Грузия = Soviet Georgia = La Georgie Sovietique :
Remainder of title [ფოტოალბომი] /
Statement of responsibility, etc ავტ.-შემდგ. ვ. ჭიაურელი; რედ. ი. მღებრიშვილი; მხატვ. კ. ორლოვი.
264 ## - წარმოების, გამოცემის, დისტრიბუციის და სხვა ცნობები
გამოცემის, წარმოების, დისტრიბუციის... ადგილი თბ. :
გამოცემის, წარმოების, დისტრიბუციის... სახელწოდება საქ. დეპეშათა სააგენტო,
გამოცემის, წარმოების, დისტრიბუციის... თარიღი [1971]
300 ## - ფიზიკური აღწერა
Extent 26 გვ.
Other physical details ილ. : 76 ფ. ილ. ;
Dimensions 30 სმ.
500 ## - ზოგადი შენიშვნა
General note ტექსტი ქართ., რუს., ინგლ. და ფრანგ.
653 ## - INDEX TERM--UNCONTROLLED
Uncontrolled term საქართველოს ფოტოალბომები
700 ## - ADDED ENTRY--PERSONAL NAME
Personal name ჭიაურელი, ვ.
Relator term შემდგენელი
9 (RLIN) 2514
700 ## - ADDED ENTRY--PERSONAL NAME
Personal name მღებრიშვილი, ი.
Relator term რედაქტორი
9 (RLIN) 2514
700 ## - ADDED ENTRY--PERSONAL NAME
Personal name ორლოვი, კ.
Relator term მხატვარი
9 (RLIN) 26675
942 ## - ADDED ENTRY ELEMENTS (KOHA)
Source of classification or shelving scheme
Koha item type წიგნი
ეგზემპლარები
ჩამოწერის სტატუსი დაკარგული ეგზემპლარის სტატუსი კლასიფიკაციის წყარო ან თაროზე გაწყობის სქემა დაზიანების სტატუსი არ გაიცემა მუდმივი მდებარეობა (დაცვის ადგილი) ამჟამინდელი ადგილსამყოფელი თაროზე განთავსების ადგილი შეძენის თარიღი ღირებულება, შესყიდვის ნორმალური ფასი სრული შენახვის შიფრი შტრიხკოდი ბოლო ოპერაციის თარიღი ეგზემპლარის მიმდევრობითი ნომერი (კეტერი?) ფასის ძალაში შესვლის თარიღი ეგზემპლარის სახეობა საჯარო შენიშვნა
          ბათუმის შოთა რუსთაველის სახელმწიფო უნივერსიტეტის მთავარი ბიბლიოთეკა ბათუმის შოთა რუსთაველის სახელმწიფო უნივერსიტეტის მთავარი ბიბლიოთეკა წიგნსაცავი 2026-01-13 18.20 908(479.22)(084.12) ს-13 73444 2026-01-13 73444 2026-01-13 წიგნი 18 ლ. 20 თ.